Marketing vybraného média. (TV JOJ) diplomová práca

Saved in:
Bibliographic Details
Main Author: Baranovičová, Lucia
Corporate Author: Obchodná fakulta EU. Katedra marketingu
Other Authors: Labská, Helena
Format: Book
Language:Slovak
Published: Bratislava 2011
Tags: Add Tag
No Tags, Be the first to tag this record!

MARC

LEADER 00000nbm a2200000 4500
001 0131831
005 20161109101735.8
041 0 |a slo 
044 |a SK 
245 1 0 |a Marketing vybraného média. (TV JOJ)  |b diplomová práca  |c Lucia Baranovičová ; školiteľ: Helena Labská 
264 1 |a Bratislava  |c 2011 
300 |a 92 s. 
100 1 |a Baranovičová, Lucia 
700 1 |a Labská, Helena 
710 2 |a Obchodná fakulta EU. Katedra marketingu